Statistiken für 90 Sekunden-Deutsche Landeshauptsädte

Klicken Sie hier um das Quiz zu spielen!

Allgemein

  • Dieses Quiz wurde 108 mal gespielt
  • Das Durchschnittsergebnis liegt bei 15 aus 16

Antwortstatistiken

BundeslandHauptstadt% Korrekt
BremenBremen
100%
HamburgHamburg
99%
BerlinBerlin
98%
BayernMünchen
98%
Baden WürtembergStuttgart
98%
Nordrhein WestfalenDüsseldorf
97%
Schleswig HolsteinKiel
97%
SachsenDresden
95%
NiedersachsenHannover
94%
BrandenburgPotsdam
94%
SaarlandSaarbrücken
94%
ThüringenErfurt
93%
Rheinland PfalzMainz
92%
Mecklenburg VorpommernSchwerin
92%
Hessen
Wiesbaden
91%
Sachsen AnhaltMagdeburg
86%

Verteilung der Resultate

Perzentil nach korrekt beantworteten Fragen

Anzahl Personen mit jedem Resultat

Ihre Resultats-Entwicklung

Sie haben dieses Quiz noch nicht gespielt